000 00658nam a2200229 a 4500
005 20140310183253.0
008 041019s19uu xx 00 eng d
020 _a0781739268
050 _aRM 262
_b.Ab27 2004
100 _aAbrams, Anne Collins
245 _aClinical drug theraphy :
_brationales for nursing practice.
250 _a7th.
260 _aU.S.A :
_bLippincott Williams and Williams,
_c2004.
300 _a1032 p. :
_bcol. ill. ;
_c28 cm.
500 _aIncludes bibliographical references and index.
521 _aNUR
650 _aChemotheraphy.
650 _aDrugs.
650 _aNursing.
942 _cBK
_2lcc
_kFOR
999 _c20812
_d20812